Responses for Show #1169 - Thursday, October 5, 1989

Contestants

[<< previous game]

Hyim Goldstein, an entrepreneur originally from Louisville, Kentucky

Cathy Crino, a pastoral minister from Chicago, Illinois

Kerry Tymchuk, an attorney originally from Reedsport, Oregon (whose 1-day cash winnings total $10,201)

[next game >>]

Jeopardy! Round responses

THE 20TH CENTURY
TENNESSEANS
HAUTE CUISINE
SPORTS CITIES
LITERARY RELATIVES
FAMOUS TRIOS
    $100 2
Mahatma Gandhi

Cathy
    $100 16
Cybill Shepherd

Kerry
    $100 21
egg whites

Cathy
    $100 1
Toronto

Cathy
    $100 25
China

Cathy
    $100 11
Tom, Dick & Harry

Cathy
    $200 3
horses

Kerry
    $200 17
Al Gore

Kerry
    $200 22
(Hyim: What is France?)

Germany

CathyHyim
    $200 4
Fiesta Bowl

Kerry
    $200 27
Francis Scott Key

Kerry
    $200 12
The Three Stooges

Kerry
    $300 8
Yom Kippur

Kerry
    $300 18
Howard Baker

Cathy
    $300 23
Crepes Suzette

Cathy
    $300 5
Manila

Hyim
    $300 28
(Kerry: Who was Herbert Hoover?)

Richard Nixon

KerryCathy
    $300 13
Peter, Paul and Mary

Hyim
    $400 9
the Hindenburg

Kerry
    $400 19
Dolly Parton

Hyim
    $400 24
Julia Child

Kerry
    $400 6
the U.S. (tennis) Open

Kerry
    $400 29
Joseph Conrad

Triple Stumper
    $400 14
(Hyim: Who were the Brothers Grimm?)

Bach, Brahms & Beethoven

KerryHyim
    $500 10
Sukarno

Cathy
    $500 20
James Agee

Cathy
    $500 26
truffles

Cathy
    $500 7
Minneapolis

Kerry
    $500 30
Dante Gabriel Rossetti

Triple Stumper
    $600 15
The Mikado

Kerry

Scores at the first commercial break (after clue 15):

Kerry Cathy Hyim
$3,200 $800 $200

Scores at the end of the Jeopardy! Round:

Kerry Cathy Hyim
$3,800 $3,100 $400

Double Jeopardy! Round responses

MAN IN SPACE
WORLD GEOGRAPHY
COSMETICS
DOGS
SCULPTURE
12-LETTER WORDS
    $200 1
O-rings

Kerry
    $200 14
the Amazon

Hyim
    $200 19
Revlon

Hyim
    $200 5
cocker spaniel

Hyim
    $200 13
coins

Cathy
    $200 10
[ERRATUM: "Herriot" was misspelled in the clue as shown.]

a veterinarian

Kerry
    $400 2
lunar rover

Cathy
    $400 15
(Kerry: What are the Gulf Streams?)

the Florida Keys

KerryHyim
    $400 20
milk of magnesia

Hyim
    $400 6
(Kerry: What is the Russian wolfhound?)

Irish wolfhound

KerryHyim
    $400 24
David

Cathy
    $400 11
frankincense

Cathy
    $600 3
Saturn

Kerry
    $600 16
the Atlantic

Hyim
    $600 21
Jaclyn Smith

Hyim
    $600 7
(Hyim: What is a hound dog?)
(Alex: Be more specific.)
(Hyim: Uh, a hunting, uh, a bloodhound?)

foxhound

Hyim
Triple Stumper
    $600 25
Athena

Triple Stumper
    $600 29
glockenspiel

Cathy
    $800 4
(Hyim: What is Soyuz?)

Mir

Hyim
Triple Stumper
    $800 17
Bavaria

Hyim
    $800 22
pancake make-up

Hyim
    $800 8
(Cathy: What is white?)
(Hyim: What is red?)

grey

CathyHyim
Triple Stumper
    $800 26
(Kerry: Who was Calder?)

Henry Moore

Kerry
Triple Stumper
    $800 28
Civilization

Kerry
    $1000 12
Ed White

Hyim
    $1000 18
(Kerry: What is Kenya?)

Tanzania

Kerry
Triple Stumper
    $1000 23
(Cathy: Who was Jane Seymour?)

Polly Bergen

CathyHyim
    $1000 9
corgis

Kerry
    $1,200 27
(Cathy: Who is... I want to say Matisse but I know it's not Matisse.)

Alberto Giacometti

Cathy
    $1,000 30
antediluvian

Cathy

Scores at the end of the Double Jeopardy! Round:

Kerry Cathy Hyim
$4,000 $3,100 $4,800

[wagering suggestions for these scores]

Final Jeopardy! Round responses

MYTHOLOGY
(Alex: We'll be back with a very old clue after this!)
CathyWho was Somnia?
$3,000
KerryWho was Argos?
$2,200
HyimWho's Somnis?
$4,000
Morpheus

Final scores:

Kerry Cathy Hyim
$1,800 $100 $800
2-day champion: $12,001 + either the Jeopardy! box game or the Jeopardy! computer game 3rd place: Colortyme remote control cable model color TV + either the Jeopardy! box game or the Jeopardy! computer game 2nd place: Hotpoint range + Multi-Pure drinking water system + either the Jeopardy! box game or the Jeopardy! computer game

Game dynamics:

Coryat scores:

Kerry Cathy Hyim
$3,900 $4,300 $4,800
18 R
(including 1 DD),
5 W
18 R
(including 1 DD),
3 W
(including 1 DD)
15 R,
5 W

Combined Coryat: $13,000

[game clues] [game scores] [suggest correction]

Game tape date: 1989-06-20
The J! Archive is created by fans, for fans. Scraping, republication, monetization, and malicious use prohibited; this site may use cookies and collect identifying information. See terms. The Jeopardy! game show and all elements thereof, including but not limited to copyright and trademark thereto, are the property of Jeopardy Productions, Inc. and are protected under law. This website is not affiliated with, sponsored by, or operated by Jeopardy Productions, Inc. Join the discussion at JBoard.tv.